<?xml version="1.0" encoding="UTF-8"?>
<marc:record xmlns:marc="http://www.loc.gov/MARC21/slim">
   <marc:leader>00000nam a2200000 a 4500</marc:leader>
   <marc:datafield ind1="1" ind2=" " tag="100">
      <marc:subfield code="a">Trötsch</marc:subfield>
      <marc:subfield code="4">aut</marc:subfield>
      <marc:subfield code="e">Verfasser/-in</marc:subfield>
   </marc:datafield>
   <marc:datafield ind1=" " ind2=" " tag="653">
      <marc:subfield code="a">Märchen</marc:subfield>
   </marc:datafield>
   <marc:datafield ind1=" " ind2=" " tag="653">
      <marc:subfield code="a">Vorlesebuch</marc:subfield>
   </marc:datafield>
   <marc:datafield ind1="0" ind2="0" tag="245">
      <marc:subfield code="a">Mein großes goldenes Märchenbuch</marc:subfield>
   </marc:datafield>
   <marc:datafield ind1=" " ind2="1" tag="264">
      <marc:subfield code="b">Trötsch</marc:subfield>
      <marc:subfield code="c">2012</marc:subfield>
   </marc:datafield>
   <marc:datafield ind1="1" ind2=" " tag="520">
      <marc:subfield code="a">Eine wunderschön illustrierte Sammlung von 8 klassischen Märchen der Gebrüder Grimm und anderer Erzähler. Die Märchen "Der gestiefelte Kater", "Die kleine Meerjungfrau", "Das tapfere Schneiderlein", "Aladin und die Wunderlampe", Der Däumling", "Schneewittchen und die sieben Zwerge", "Die Bremer Stattmusikanten" und "Die Schöne und das Biest" laden zum Vorlesen sowie selbst Lesen ein. Farbenfrohe Illustrationen umrahmen die Geschichten.</marc:subfield>
   </marc:datafield>
   <marc:datafield ind1=" " ind2=" " tag="020">
      <marc:subfield code="a">9783868485820</marc:subfield>
      <marc:subfield code="9">9783868485820</marc:subfield>
   </marc:datafield>
</marc:record>
